000 00631nam a22002057a 4500
003 OSt
005 20260303045246.0
008 260130b |||||||| |||| 00| 0 eng d
020 _a978-971-27-2092-5
040 _aDWCL-Main Lib
_cOC
082 _aFil. 429.815 G734 2008
245 _aGreat and men and women of Asia : Ramon Magsaysay awardees, 2006-2007
260 _aPasig City :
_bAnvil Publishing,
_cc2008.
300 _axi , 317 p. :
_bill.
_c23 cm.
650 _aAsian - Biography.
650 _aAwards - Asia.
650 _aRamon Magsaysay awards.
700 _aKalaw-Tirol, Lorna
_eEditor
942 _2ddc
_cBK-FIL
_mFil.
_n0
999 _c8031
_d8031